| 000 | 00000nam##2200000za#4500 |
| 001 | 9.693635 |
| 003 | CaOODSP |
| 005 | 20250506145324 |
| 007 | cr ||||||||||| |
| 008 | 150407|1989||||xxc|||||o f|0| 0 eng|d |
| 040 | |aCaOODSP|beng |
| 043 | |an-cn--- |
| 086 | 1 |aA63-1757/1989E-PDF |
| 110 | 1 |aCanada.|bAgriculture Canada. |
| 245 | 10|aRecommended code of practice for the care and handling of poultry from hatchery to processing plant |h[electronic resource] |
| 260 | |aOttawa - Ontario : |bAgriculture Canada |c1989. |
| 300 | |a43p. |
| 500 | |aThe catalogue number (A63-1757/1989E) and ISBN (0-662-17004-0) for the print edition have been copied in this electronic publication. |
| 590 | |a10-07-Supp|b2010-09-08 |
| 690 | 07|aPoultry|2gcpds |
| 775 | 08|tCode de pratiques recommandées pour la manipulation des volailles du couvoir à l'abattage |w(CaOODSP)9.637812 |
| 856 | 40|ahttp://publications.gc.ca|qPDF|s233 KB|uhttps://publications.gc.ca/collections/Collection/A63-1757-1989E.pdf |
| 986 | |a1757/E |